Score 0/15 Timer 03:00
1 Play Today
Question Answer Wrong Answers
Sternum Head/Torso
96.1%
Arm/Hand
0.8%
Leg/Foot
1%
Femur Leg/Foot
93.3%
Arm/Hand
3.2%
Head/Torso
1.2%
Clavicle Head/Torso
91.8%
Arm/Hand
4.5%
Leg/Foot
1.5%
Mandible Head/Torso
89.7%
Arm/Hand
5.7%
Leg/Foot
2.3%
Occipital Head/Torso
89.7%
Arm/Hand
5%
Leg/Foot
2.9%
Radius Arm/Hand
88.9%
Leg/Foot
4.9%
Head/Torso
4%
Tibia Leg/Foot
87.5%
Arm/Hand
9.6%
Head/Torso
0.7%
Patella Leg/Foot
86.5%
Arm/Hand
3.5%
Head/Torso
7.8%
Ulna Arm/Hand
84.6%
Leg/Foot
9%
Head/Torso
4.2%
Fibula Leg/Foot
84.5%
Arm/Hand
12.2%
Head/Torso
1.2%
Scapula Head/Torso
83.8%
Arm/Hand
9.1%
Leg/Foot
5%
Humerus Arm/Hand
81.1%
Leg/Foot
13.6%
Head/Torso
3%
Talus Leg/Foot
60%
Arm/Hand
17.5%
Head/Torso
20.3%
Lunate Arm/Hand
34.6%
Leg/Foot
14.8%
Head/Torso
48.2%
Trapezoid Arm/Hand
29.8%
Leg/Foot
5.7%
Head/Torso
62.5%

Today's Daily Dose

Remove Ads.
Support Sporcle.
Get the best of Sporcle when you Go Orange. This ad-free experience offers more features, more stats, and more fun while also helping to support Sporcle. Thank you for becoming a member.

You're not logged in!

Compare scores with friends on all Sporcle quizzes.
OR
Log In

Sporcle TV

Today on Sporcle TV


Watch our educational content, quiz creation guides, and fun videos on Sporcle TV.

Show Comments

Extras

Top Quizzes Today


Score Distribution

Paid Content

Your Account Isn't Verified!

In order to create a playlist on Sporcle, you need to verify the email address you used during registration. Go to your Sporcle Settings to finish the process.

Report this User

Report this user for behavior that violates our Community Guidelines.

Details: